LEADER 00888nam0-22003251i-450- 001 990002042830403321 005 20060529101420.0 035 $a000204283 035 $aFED01000204283 035 $a(Aleph)000204283FED01 035 $a000204283 100 $a20030910d1959----km-y0itay50------ba 101 0 $afre 200 1 $aColeopteres Scarabeides$fRenaud Paulian 205 $a2e ed. 210 $aParis$cPaul Lechevalier$d1959 215 $a198 p.$d25 cm 225 1 $aFaune de France$v63 305 $adeuxieme edition, revue et augmentée 610 0 $aFauna$aColeotteri$aScarabeidae 610 0 $aFauna 676 $a595.76 700 1$aPaulian,$bRenaud$085369 801 0$aIT$bUNINA$gRICA$2UNIMARC 901 $aBK 912 $a990002042830403321 952 $a61 V E.6/03.63$b1316$fDAGEN 959 $aDAGEN 996 $aColeopteres Scarabeides$9406917 997 $aUNINA LEADER 01287nam0 2200265 450 001 000044771 005 20180604091238.0 100 $a20180604d2018----km-y0itay50------ba 101 0 $aeng 102 $aIT 105 $a----m-------- 200 1 $aDamage detection on reinforced concrete framed structures by using several sensing systems$bTesi di dottorato$fdottorando: Chiara Iacovino$gcoordinatore: Aurelia Sole$grelatore: Felice C. Ponzo$gcorrelatore: Rocco Ditommaso 210 $a[Potenza]$d[2018] 215 $aXIX, 189 p.$d30 cm. 328 1$aTesi di dottorato: Università della Basilicata, Dottorato di ricerca in Ingegneria per l'innovazione e lo sviluppo sostenibile, XXX ciclo 676 $a621.3678$v(22. ed.)$9Tecnologia del rilevamento a distanza 686 $aICAR/09$cTecnica delle costruzioni 700 1$aIacovino,$bChiara$0758805 801 0$aIT$bUniversità della Basilicata - B.I.A.$gREICAT$2unimarc 912 $a000044771 996 $aDamage detection on reinforced concrete framed structures by using several sensing systems$91532990 997 $aUNIBAS CAT $aTTM$b30$c20180604$lBAS01$h0912 FMT Z30 -1$lBAS01$LBAS01$mBOOK$1BASA2$APolo Tecnico-Scientifico$2TDO$BTesi di Dottorato$3TDI.30c.IC1$644771-10$54477110$820180604$f98$FConsultazione